000 00545nam a22001937a 4500
005 20180827134428.0
010 _aB-216424
020 _a8131300668
_c395.00
035 _aB-216424
037 _bA P H Publishing Corporation
082 _a921
100 _aDuda, P.N.
245 _aIndira Gandhi:
_blife and legacy
_cP.N. Duda
260 _aNew Delhi
_bA P H Publishing Corporation
_c2006
270 _bNew Delhi
_e110002
300 _a195p.
_c22cm(sajild)
942 _2ddc
_cEN
_h921
_mDUD
999 _c156396
_d156396